[Event "AUTO-INT-3523"]
[Site "http://www.queenalice.com/game.php?id=1607394"]
[Date "2020.4.13"]
[Round "1"]
[White "dan2015"]
[Black "vicooooor"]
[Result "0-1"]
[WhiteElo "1347"]
[BlackElo "1268"]

1. e4 e5 2. Nf3 d6 3. Nc3 c6 4. d4 exd4 5. Nxd4 Be7 6. b3 c5 7. Nf5 Bf8 8. Bb5+
Bd7 9. Bc4 g6 10. Bg5 Qxg5 11. Ng3 Bg4 12. Bb5+ Ke7 13. Nd5+ Ke6 14. Nc7+ Ke7
15. Nd5+ Ke6 16. Nc7+ Kf6 17. f3 Qe3+ 18. Qe2 Qc3+ 19. Kf2 Qd4+ 20. Qe3 Ne7 21.
Qxd4+ cxd4 22. Nxa8 Bh6 23. fxg4 Rc8 24. Bd3 Nd7 25. Rhf1 Rxa8 26. Kg1+ Kg7 27.
Rf3 Ne5 28. Rff1 Nd5 29. exd5 Nxg4 30. Rfc1 Re8 31. h3 Be3+ 32. Kh1 Nf2+ 33. Kh2
Re5 34. Bc4 Rg5 35. h4 Ng4+ 36. Kh1 Nf2+ 37. Kh2 Ng4+ 38. Kh3 Bf2 39. hxg5 h5
40. Ne4 f5 41. Nxf2 f4 0-1

[Event "AUTO-INT-3523"]
[Site "http://www.queenalice.com/game.php?id=1607395"]
[Date "2020.4.13"]
[Round "1"]
[White "vicooooor"]
[Black "dan2015"]
[Result "0-1"]
[WhiteElo "1264"]
[BlackElo "1453"]

1. h4 h5 2. Nf3 d5 3. Rh3 Bxh3 4. gxh3 Nf6 5. e3 e6 6. Nd4 e5 7. Bb5+ c6 8. Ba4
exd4 9. exd4 Qd7 10. Qe2+ Be7 11. Qe5 O-O 12. a3 Ne4 13. Nc3 Bxh4 14. Qf4 Bxf2+
15. Ke2 Re8 16. d3 Nxc3+ 17. Kxf2 Nxa4 18. b3 Nc3 19. Qh4 Qf5+ 20. Bf4 Re2+ 21.
Kf1 Rh2 22. Kg1 Rxh3 23. Qf2 Qg4+ 24. Kf1 Rf3 25. Qxf3 Qxf3+ 26. Kg1 Ne2+ 0-1

[Event "AUTO-INT-3523"]
[Site "http://www.queenalice.com/game.php?id=1607404"]
[Date "2020.4.13"]
[Round "1"]
[White "vicooooor"]
[Black "caradepau"]
[Result "0-1"]
[WhiteElo "1284"]
[BlackElo "1580"]

1. e4 e5 2. Nf3 Nc6 3. Bc4 a6 4. d4 exd4 5. Nxd4 Nxd4 6. Qxd4 b5 7. Bd5 h6 8.
O-O Rb8 9. Qa7 d6 10. Qxb8 Nf6 11. Re1 Be7 12. Bc6+ Bd7 13. Qb7 O-O 14. Bd2 Bxc6
15. Qxc6 Qa8 16. Qxc7 Re8 17. Bf4 Nxe4 18. f3 Bd8 19. Qd7 Bb6+ 20. Kf1 Rd8 21.
Qg4 Nf6 22. Qf5 Qc8 23. Qe4 Nxe4 24. Rxe4 Qxc2 25. b3 Qf2# 0-1

[Event "🧩🧩🧩"]
[Site "http://www.queenalice.com/game.php?id=1607703"]
[Date "2020.4.15"]
[Round "-"]
[White "vicooooor"]
[Black "Nicole63"]
[Result "1/2-1/2"]
[WhiteElo "1256"]
[BlackElo "1020"]

1. Nc3 c5 2. Nf3 Nc6 3. e4 d6 4. Bc4 Nf6 5. d3 Bg4 6. e5 dxe5 7. h3 Bh5 8. g4
Bxg4 9. hxg4 Nxg4 10. Bg5 f6 11. Be3 Nxe3 12. fxe3 Nb4 13. a3 Nc6 14. Qd2 Na5
15. Bb5+ Nc6 16. Rh4 Qd7 17. Bxc6 Qxc6 18. Rc4 Rb8 19. b4 Qxf3 20. bxc5 e6 21.
Nb5 Qg3+ 22. Qf2 Qg5 23. Nc7+ Kf7 24. Ra4 Bxc5 25. Rb1 Bxe3 26. Qe2 Rhc8 27. Nb5
Qg3+ 28. Kd1 Qg1+ 29. Qe1 Qh2 30. Nd6+ Kg8 31. Qxe3 Qxc2+ 32. Ke1 Qxb1+ 33. Kf2
Rc2+ 34. Kf3 Qf1+ 35. Ke4 f5+ 36. Kxe5 Re2 37. Rf4 Rxe3+ 38. Re4 Rxe4+ 39. Nxe4
Rd8 40. d4 Qd1 41. Kxe6 Re8+ 42. Kxf5 Qf1+ 43. Kg5 Re5+ 44. dxe5 h6+ 45. Kg6
Qg1+ 46. Kf5 g6+ 47. Ke6 Qf1 48. Nd6 Qf5+ 49. Kd5 Qd3+ 50. Ke6 Qxa3 51. Nxb7
Qb3+ 52. Kd6 Qxb7 53. e6 Qb8+ 54. Kd7 g5 55. e7 Kf7 56. e8=Q+ Qxe8+ 57. Kc7 g4
58. Kb7 g3 59. Kxa7 g2 60. Kb6 g1=Q+ 61. Ka5 Qa1+ 62. Kb4 h5 63. Kc4 Qe6+ 64.
Kd3 Qb1+ 65. Kd2 Qee4 66. Kc3 Qd5 1/2-1/2

[Event "Challenge"]
[Site "http://www.queenalice.com/game.php?id=1609544"]
[Date "2020.4.26"]
[Round "-"]
[White "marinb1948"]
[Black "vicooooor"]
[Result "0-1"]
[WhiteElo "1210"]
[BlackElo "1267"]

1. a4 a5 2. h4 h5 3. Ra3 b6 4. Rhh3 Nc6 5. Rhe3 Nf6 6. Rad3 Rh6 7. f3 Ne5 8. Rd4
c5 9. Rf4 Nd5 10. Ree4 Nc4 11. Rxc4 Ba6 12. d4 Bxc4 0-1

[Event "Challenge"]
[Site "http://www.queenalice.com/game.php?id=1609747"]
[Date "2020.4.28"]
[Round "-"]
[White "vicooooor"]
[Black "kd4hls"]
[Result "0-1"]
[WhiteElo "1256"]
[BlackElo "1049"]

1. e4 e5 2. Bd3 Bc5 3. Nc3 d6 4. Nf3 Nf6 5. a4 a5 6. b4 axb4 7. Nb5 O-O 8. a5 c6
9. Nxd6 Qxd6 10. Qe2 Bg4 11. a6 Bxf3 12. Qxf3 bxa6 13. g3 a5 14. O-O a4 15. Bb2
a3 16. Bc1 Nbd7 17. Rb1 a2 18. Ra1 Bd4 19. c3 bxc3 20. Bc4 cxd2 21. Bxd2 Bxa1
22. Rxa1 Qxd2 23. Qf5 Qc2 24. Rxa2 Qb1+ 25. Kg2 Rxa2 26. h4 Ra4 27. Bf1 Qxe4+
28. Qf3 Qxf3+ 29. Kxf3 e4+ 30. Kf4 Re8 31. g4 e3+ 0-1

[Event "AUTO-BEG-670"]
[Site "http://www.queenalice.com/game.php?id=1609761"]
[Date "2020.4.28"]
[Round "1"]
[White "dlabedz"]
[Black "vicooooor"]
[Result "0-1"]
[WhiteElo "1173"]
[BlackElo "1277"]

1. d4 e6 2. e3 Nc6 3. h3 Bd6 4. Nf3 a5 5. c3 Ra6 6. Bxa6 bxa6 7. e4 Nf6 8. g3 a4
9. Qxa4 Nxe4 10. h4 Qf6 11. Nfd2 Qxf2+ 12. Kd1 Nxg3 13. Rh3 Qe2+ 14. Kc2 Ne4 15.
Rd3 Nf2 16. Rf3 Qd1# 0-1

[Event "AUTO-BEG-670"]
[Site "http://www.queenalice.com/game.php?id=1609775"]
[Date "2020.4.28"]
[Round "1"]
[White "jesuitaseregueifas"]
[Black "vicooooor"]
[Result "0-1"]
[WhiteElo "1107"]
[BlackElo "1319"]

1. e4 e5 2. Nf3 f6 3. a4 Nc6 4. b3 Bc5 5. Ba3 Bb6 6. g3 d6 7. Nc3 Nh6 8. Nd5 Be6
9. Nb4 Bg4 10. Qe2 Nd4 11. Qe3 Nxf3+ 12. Kd1 Bxe3 13. fxe3 c5 14. Nd5 a6 15. b4
Ng5+ 16. Kc1 cxb4 17. Bxb4 Nxe4 18. Ra3 Bf3 19. Rg1 Ng4 20. h3 Nh2 21. Bg2 Nxg3
22. Rc3 Ne2+ 23. Kb2 Nxg1 24. Bxf3 Nhxf3 25. d3 Qd7 26. Kb3 Nd2+ 27. Ka3 b5 28.
axb5 Qxb5 29. e4 a5 30. Bxd6 Kd7 31. Bc5 Rhb8 32. Bxg1 Nb1+ 33. Ka2 Qb2# 0-1

[Event "AUTO-BEG-670"]
[Site "http://www.queenalice.com/game.php?id=1609776"]
[Date "2020.4.28"]
[Round "1"]
[White "vicooooor"]
[Black "jesuitaseregueifas"]
[Result "1-0"]
[WhiteElo "1289"]
[BlackElo "1116"]

1. d3 h6 2. h4 g6 3. g4 b6 4. f3 Bb7 5. c4 Nc6 6. Nc3 Nb4 7. a3 Nc6 8. Nh3 Nd4
9. e3 Ne6 10. Be2 Bg7 11. O-O g5 12. h5 Ba6 13. e4 c5 14. Na4 b5 15. cxb5 Bxb5
16. Nc3 Ba6 17. Nd5 Rb8 18. Qa4 Nd4 19. Bd1 Nf6 20. Qxa6 Ra8 21. Nc3 Qc8 22. Qc4
e6 23. e5 Nd5 24. Na4 Bxe5 25. Nxc5 Bd6 26. Qxd4 O-O 27. Ne4 Bf4 28. Bxf4 gxf4
29. Bb3 Nb6 30. Nf6+ Kg7 31. Ne8+ Kh7 32. Qg7# 1-0

[Event "AUTO-BEG-670"]
[Site "http://www.queenalice.com/game.php?id=1609783"]
[Date "2020.4.28"]
[Round "1"]
[White "Lucasbarbaruiva"]
[Black "vicooooor"]
[Result "1-0"]
[WhiteElo "1408"]
[BlackElo "1287"]

1. e3 d5 2. d4 e6 3. g3 Nf6 4. a3 Bd7 5. Bg2 a6 6. b4 Nc6 7. Nd2 b5 8. Ne2 Bd6
9. O-O O-O 10. Nf4 g5 11. Nh5 Ne8 12. f4 f6 13. fxg5 fxg5 14. Qg4 Kh8 15. Rxf8+
Bxf8 16. c3 Bh6 17. e4 e5 18. Qf3 dxe4 19. Nxe4 g4 20. Qf2 exd4 21. Bxh6 Nd6 22.
Nxd6 cxd6 23. Bxc6 Bxc6 24. Qxd4+ Kg8 25. Qg7# 1-0

[Event "AUTO-BEG-670"]
[Site "http://www.queenalice.com/game.php?id=1609784"]
[Date "2020.4.28"]
[Round "1"]
[White "vicooooor"]
[Black "Lucasbarbaruiva"]
[Result "0-1"]
[WhiteElo "1281"]
[BlackElo "1344"]

1. f4 Nc6 2. e3 g6 3. g3 Bg7 4. b3 Bxa1 5. c3 d6 6. a3 Nf6 7. Ne2 Bg4 8. h3 Bxe2
9. Bxe2 Ne4 10. a4 Nxg3 11. Rg1 Nxe2 12. Qxe2 O-O 13. d4 e6 14. Rg5 e5 15. dxe5
dxe5 16. fxe5 Qxg5 17. Qf2 Na5 18. Qa2 Qg1+ 19. Kd2 Rad8+ 20. Kc2 Qf2+ 21. Nd2
Bxc3 22. Kxc3 Qxe3+ 23. Kb4 b6 24. Qc2 c5+ 25. Kb5 Qxe5 0-1

[Event "Challenge"]
[Site "http://www.queenalice.com/game.php?id=1613565"]
[Date "2020.5.24"]
[Round "-"]
[White "kd4hls"]
[Black "vicooooor"]
[Result "1-0"]
[WhiteElo "1239"]
[BlackElo "1295"]

1. d4 h5 2. Bf4 Rh6 3. Bxh6 gxh6 4. e3 Nf6 5. Bd3 a6 6. Nf3 Nc6 7. O-O d5 8. c4
dxc4 9. Bxc4 Bg4 10. Be2 Ne4 11. Qd3 f5 12. Nc3 Nb4 13. Qc4 Nc2 14. Qa4+ c6 15.
Qxc2 Qa5 16. Nxe4 fxe4 17. Ne5 Bg7 18. Nxg4 hxg4 19. Bxg4 h5 20. Bh3 Rd8 21.
Qxe4 Qd2 22. Qe6 Rd5 23. Qg8+ Bf8 24. Be6 Qd3 25. Bxd5 cxd5 26. Qxd5 Bg7 27.
Qg8+ Bf8 28. Qd5 Qc2 29. Qxb7 Kf7 30. b3 Qc3 31. Qxa6 Kg8 32. Qc4+ Qxc4 33. bxc4
e6 34. c5 Kf7 35. a4 h4 36. h3 Kf6 37. f4 1-0

[Event "AUTO-BEG-671"]
[Site "http://www.queenalice.com/game.php?id=1614406"]
[Date "2020.5.30"]
[Round "1"]
[White "teodoriconeto"]
[Black "vicooooor"]
[Result "1-0"]
[WhiteElo "1213"]
[BlackElo "1298"]

1. e4 b6 2. d4 h5 3. Nc3 Nc6 4. Nf3 g6 5. Bb5 Nb4 6. Bc4 Ba6 7. Bxa6 Nxa6 8. O-O
c6 9. h3 Qc7 10. Bg5 f6 11. Bh4 Bh6 12. e5 fxe5 13. Nxe5 Rh7 14. Nxg6 Bg7 15.
Bg5 h4 16. Nxh4 c5 17. Nf5 e6 18. Re1 cxd4 19. Nxd4 e5 20. Nf5 Qc5 21. Nxg7+
Rxg7 22. Qh5+ Kf8 23. Re2 Rf7 24. Ne4 Qd5 25. Qh8 Nc7 26. Nf6 Rxf6 27. Bxf6 e4
28. Qg7+ Ke8 29. Rxe4+ Qxe4 30. Qxg8# 1-0

[Event "AUTO-BEG-671"]
[Site "http://www.queenalice.com/game.php?id=1614407"]
[Date "2020.5.30"]
[Round "1"]
[White "vicooooor"]
[Black "teodoriconeto"]
[Result "0-1"]
[WhiteElo "1305"]
[BlackElo "1425"]

1. g3 d5 2. a4 e5 3. Nf3 Nf6 4. e3 Bg4 5. Be2 Bc5 6. h3 Bf5 7. g4 Be4 8. d3 Bxf3
9. Bxf3 Nc6 10. Nc3 O-O 11. g5 Ne8 12. Bxd5 Qxg5 13. h4 Qg6 14. h5 Qh6 15. Ke2
Na5 16. e4 Qf6 17. f3 c6 18. h6 cxd5 19. Nxd5 Qd6 20. hxg7 Nxg7 21. Rh6 f6 22.
Qh1 Nc6 23. c3 Ne7 24. Rxh7 Ng6 25. b4 Nf4+ 26. Bxf4 exf4 27. bxc5 Qxc5 28. Rh8+
Kf7 29. Qg2 Rxh8 30. Nxf4 Rh6 31. Rh1 Qxc3 32. Rxh6 Qc2+ 33. Kf1 Qc1+ 0-1

[Event "AUTO-BEG-671"]
[Site "http://www.queenalice.com/game.php?id=1614432"]
[Date "2020.5.30"]
[Round "1"]
[White "flibbertygibbet"]
[Black "vicooooor"]
[Result "1-0"]
[WhiteElo "1061"]
[BlackElo "1295"]

1. e4 b6 2. d4 h5 3. Bd3 f6 4. Nf3 Nh6 5. Nc3 Nc6 6. Nh4 g5 7. Ng6 Rg8 8. Qxh5
Kf7 9. Nh4+ Kg7 10. e5 gxh4 11. Bxh6+ Kh8 12. Bxf8# 1-0

[Event "AUTO-BEG-671"]
[Site "http://www.queenalice.com/game.php?id=1614433"]
[Date "2020.5.30"]
[Round "1"]
[White "vicooooor"]
[Black "flibbertygibbet"]
[Result "0-1"]
[WhiteElo "1289"]
[BlackElo "1135"]

1. g3 c5 2. a4 d5 3. Bg2 Nf6 4. Nf3 e6 5. O-O Nc6 6. b3 e5 7. e3 e4 8. Ng5 h6 9.
Nh3 Bg4 10. f3 exf3 11. Rxf3 Ne5 12. Qf1 Nxf3+ 13. Bxf3 Qd7 14. Nf4 Be7 15. Bxd5
Nxd5 16. Nxd5 Qxd5 17. c4 Qf3 18. Bb2 O-O 19. Qd3 Bh3 20. Qh7+ Kxh7 21. Nc3 Qg2#
0-1

[Event "Challenge"]
[Site "http://www.queenalice.com/game.php?id=1614721"]
[Date "2020.5.31"]
[Round "-"]
[White "Eugenederouf"]
[Black "vicooooor"]
[Result "1-0"]
[WhiteElo "1410"]
[BlackElo "1327"]

1. e4 b6 2. Bc4 Nc6 3. Qh5 g6 4. Qh4 Nf6 5. Nc3 Nh5 6. Nf3 Bh6 7. O-O O-O 8. d3
e6 9. Bxh6 Re8 10. a3 Re7 11. b4 d5 12. exd5 exd5 13. Nxd5 Qd6 14. Nxe7+ Nxe7
15. a4 Nf5 16. Qg5 Bb7 17. Ne1 Nd4 18. Nf3 Nxc2 19. Rac1 Nxb4 20. Rce1 Bxf3 21.
gxf3 Rb8 22. Re4 Nf6 23. Rh4 Nxd3 24. Rd1 Re8 25. Rxd3 Re1+ 26. Kg2 1-0